Normal view
MARC view
- الاطفال-رعاية
Entry Topical Term
001 - CONTROL NUMBER
- control field: 40357
003 - CONTROL NUMBER IDENTIFIER
- control field: JO-AjAnu
005 - DATE AND TIME OF LATEST TRANSACTION
- control field: 20230606080714.0
008 - FIXED-LENGTH DATA ELEMENTS
- fixed length control field: 230606|| aca||aabn | a|a d
040 ## - CATALOGING SOURCE
- Original cataloging agency: JO-AjAnu
- Transcribing agency: JO-AjAnu
150 ## - HEADING--TOPICAL TERM
- Topical term or geographic name entry element: الاطفال-رعاية
670 ## - SOURCE DATA FOUND
- Source citation: Work cat.: (JO-AjAnu)20688: فريحات، حكمت عبدالكريم / م مشارك عودة ابو الجواد ابوسنينة, author 40356, صحة الطفل وتغذيته